Philip's world atlas. (Record no. 378)
[ view plain ]
| 000 -LEADER | |
|---|---|
| fixed length control field | 00546nam a22002052 4500 |
| 001 - CONTROL NUMBER | |
| control field | 0000002084 |
| 005 - DATE AND TIME OF LATEST TRANSACTION | |
| control field | 20151021151055.0 |
| 008 - FIXED-LENGTH DATA ELEMENTS--GENERAL INFORMATION | |
| fixed length control field | 070402s xx 000 0 eng d |
| 020 ## - INTERNATIONAL STANDARD BOOK NUMBER | |
| International Standard Book Number | 0540087424 : |
| Terms of availability | GBP 12.99 |
| 040 ## - CATALOGING SOURCE | |
| Original cataloging agency | KABU |
| Transcribing agency | KABU |
| 050 #0 - LIBRARY OF CONGRESS CALL NUMBER | |
| Classification number | G1021 |
| Item number | .P45 2005 |
| 245 10 - TITLE STATEMENT | |
| Title | Philip's world atlas. |
| 250 ## - EDITION STATEMENT | |
| Edition statement | paperback ed. |
| 260 ## - PUBLICATION, DISTRIBUTION, ETC. (IMPRINT) | |
| Place of publication, distribution, etc. | London : |
| Name of publisher, distributor, etc. | Philip's, |
| Date of publication, distribution, etc. | 2005. |
| 300 ## - PHYSICAL DESCRIPTION | |
| Extent | viii, 176 p. |
| 650 #0 - SUBJECT ADDED ENTRY--TOPICAL TERM | |
| Topical term or geographic name as entry element | Atlases. |
| -- | 0000000131 |
| 908 ## - PUT COMMAND PARAMETER (RLIN) | |
| Put command parameter | 070402 |
| 950 ## - LOCAL HOLDINGS (RLIN) | |
| -- | 1 |
| Withdrawn status | Lost status | Source of classification or shelving scheme | Not for loan | Home library | Current library | Date acquired | Total Checkouts | Full call number | Barcode | Date last seen | Price effective from | Koha item type |
|---|---|---|---|---|---|---|---|---|---|---|---|---|
| Library of Congress Classification | Kabarak, Nakuru City Campus | Kabarak, Nakuru City Campus | 21/10/2015 | G1021 .P45 2005 c. 1 | 002940 | 21/10/2015 | 21/10/2015 | General Collection |